| 000 | 00437cam a2200157ua 4500 | ||
|---|---|---|---|
| 041 |
_aeng _h |
||
| 082 |
_a321.531 _bEMS/ EC |
||
| 100 | _aE M S, Nampoothiripad . | ||
| 245 |
_aEconomics and politics of Indias socialist pattern / _cNampoothiripad E M S. _hTextual Documents |
||
| 250 |
_a1 / _b. |
||
| 260 |
_aNew Delhi : _bPeoples publishing house , _c1966. |
||
| 300 | _a415 ; . | ||
| 504 | _a | ||
| 942 | _cBK | ||
| 999 |
_c2093 _d2093 |
||